| 000 | 00524nam a2200181 i 4500 | ||
|---|---|---|---|
| 001 | 23601 | ||
| 003 | ES-MaACL | ||
| 005 | 20230908063131.0 | ||
| 007 | t| | ||
| 008 | 021211s1914 sp ||||1| spa d | ||
| 100 | 1 |
_aÁlvarez Conzi, Francisco _920742 |
|
| 245 | 1 | 0 |
_aReflexiones y efusiones / _cFrancisco Alvarez Conzi. |
| 260 |
_aMadrid : _bJosé F. Zabala, _c1914. |
||
| 300 |
_a107 p. ; _c18 cm. |
||
| 852 |
_aES-MaACL _jD-2396 _zDedicatoria autógrafa del autor |
||
| 942 | _2udc | ||
| 999 |
_c23601 _d23601 |
||